[Event "Amager-ch"]
[White "Tronning, Mark Philip"]
[Black "Nielsen, Bjorn1"]
[Site "Amager"]
[Round "5"]
[Result "0-1"]
[Date "2015.09.22"]
[WhiteElo "1456"]
[BlackElo "1105"]
[PlyCount "118"]
[EventDate "2015.08.18"]
[EventType "swiss"]
[EventRounds "7"]
[EventCountry "DEN"]
[SourceTitle "EXT 2023"]
[Source "ChessBase"]
[SourceDate "2022.10.05"]
[SourceVersion "1"]
[SourceVersionDate "2022.10.05"]
[SourceQuality "1"]

1. e4 e5 2. Nf3 Nc6 3. Bc4 Bc5 4. b4 Bxb4 5. c3 Be7 6. d4 exd4 7. cxd4 Bh4 8. 0-0 Be7 9. Re1 d6 10. Qb3 Be6 11. Bxe6 fxe6 12. Qxe6 Qd7 13. Qxd7+ Kxd7 14. a3 Nh6 15. Bxh6 gxh6 16. Nc3 Raf8 17. Nd5 Bd8 18. Rab1 b6 19. Rbd1 Rhg8 20. e5 Rxf3 21. e6+ Ke8 22. Kf1 Rxa3 23. Rc1 Ne7 24. Nf6+ Kf8 25. Nxg8 Kxg8 26. Re4 Ra5 27. Rce1 Rf5 28. h4 h5 29. Ra1 a5 30. Ra3 d5 31. Rg3+ Kh8 32. Ree3 c6 33. Ke2 Bc7 34. Rh3 b5 35. f3 a4 36. g4 hxg4 37. fxg4 Rf4 38. g5 Re4 39. Kd3 Rxe3+ 40. Rxe3 Bd6 41. Rf3 Kg8 42. h5 c5 43. h6 c4+ 44. Kc3 b4+ 45. Kb2 a3+ 46. Kb1 b3 47. Rf7 a2+ 48. Kb2 c3+ 49. Ka1 Bb4 50. Rg7+ Kh8 51. Rf7 Ba3 52. Rf8+ Ng8 53. Rf2 Bb2+ 54. Rxb2 cxb2+ 55. Kxb2 Ne7 56. Ka1 Kg8 57. Kb2 Kf8 58. Ka1 Ng6 59. Kb2 Ke7 0-1

[Event "Amager-ch"]
[White "Tronning, Mark Philip"]
[Black "Varming, Thomas"]
[Site "Amager"]
[Round "1"]
[Result "0-1"]
[Date "2015.08.18"]
[WhiteElo "1456"]
[BlackElo "1853"]
[PlyCount "36"]
[EventDate "2015.08.18"]
[EventType "swiss"]
[EventRounds "7"]
[EventCountry "DEN"]
[SourceTitle "EXT 2023"]
[Source "ChessBase"]
[SourceDate "2022.10.05"]
[SourceVersion "1"]
[SourceVersionDate "2022.10.05"]
[SourceQuality "1"]

1. e4 c6 2. Nc3 d5 3. d4 dxe4 4. Nxe4 Nf6 5. Nxf6+ gxf6 6. b3 Bf5 7. Bb2 e6 8. a3 Nd7 9. Be2 Qc7 10. g4 Bg6 11. h4 h6 12. h5 Bh7 13. Qd2 0-0-0 14. Bd3 Bxd3 15. Qxd3 Rg8 16. Qh7 Bg7 17. Ne2 f5 18. gxf5 Nf6 0-1

[Event "Amager Spring B"]
[White "Tronning, Mark Philip"]
[Black "Larsen, Hans Haagen"]
[Site "Amager"]
[Round "1"]
[Result "1/2-1/2"]
[Date "2014.04.29"]
[WhiteElo "1341"]
[BlackElo "1578"]
[PlyCount "111"]
[EventDate "2014.04.29"]
[EventType "tourn"]
[EventRounds "5"]
[EventCountry "DEN"]
[SourceTitle "EXT 2023"]
[Source "ChessBase"]
[SourceDate "2022.10.05"]
[SourceVersion "1"]
[SourceVersionDate "2022.10.05"]
[SourceQuality "1"]

1. d4 d6 2. e3 g6 3. Nf3 Bg7 4. Bb5+ Bd7 5. Bxd7+ Nxd7 6. 0-0 e5 7. Re1 e4 8. Nfd2 f5 9. c4 c6 10. b4 Ngf6 11. Bb2 d5 12. Nc3 0-0 13. Qb3 Nb6 14. a4 Kh8 15. a5 Nxc4 16. Nxc4 dxc4 17. Qxc4 Rc8 18. Qb3 Nh5 19. Red1 Qh4 20. g3 Qh3 21. d5 Nf6 22. Rd2 Ng4 23. f4 exf3 24. Nd1 f2+ 25. Rxf2 Nxf2 26. Nxf2 Qh6 27. Bxg7+ Qxg7 28. Rd1 Rfd8 29. d6 Rd7 30. e4 Qe5 31. exf5 gxf5 32. Nh3 Rcd8 33. Ng5 Qf6 34. h4 h6 35. Ne6 Rg8 36. Kh2 Qe5 37. Nf4 Rxd6 38. Rxd6 Qxd6 39. h5 Rg7 40. Ng6+ Kh7 41. Kh3 Qd5 42. Qb1 Kg8 43. Kh2 Rxg6 44. hxg6 Kg7 45. Qe1 Qe4 46. Qc3+ Kxg6 47. Qc5 Qe2+ 48. Kh3 Qg4+ 49. Kh2 Kh5 50. Qxa7 Qxb4 51. Qe3 Qxa5 52. Qe8+ Kg5 53. Qe7+ Kg4 54. Qe2+ Kg5 55. Qe7+ Kh5 56. Qf7+ 1/2-1/2

[Event "Amager-ch"]
[White "Hansen, Benny"]
[Black "Tronning, Mark Philip"]
[Site "Amager"]
[Round "6"]
[Result "1-0"]
[Date "2010.10.06"]
[WhiteElo "1342"]
[BlackElo "1384"]
[PlyCount "101"]
[EventDate "2010.08.24"]
[EventType "swiss"]
[EventRounds "7"]
[EventCountry "DEN"]
[SourceTitle "EXT 2023"]
[Source "ChessBase"]
[SourceDate "2022.10.05"]
[SourceVersion "1"]
[SourceVersionDate "2022.10.05"]
[SourceQuality "1"]

1. e4 c5 2. Nf3 d6 3. d4 cxd4 4. Nxd4 Nf6 5. Nc3 a6 6. Be2 e5 7. Nb3 Be7 8. Be3 Be6 9. Qd2 0-0 10. h3 b5 11. Qd3 Nbd7 12. g4 Rc8 13. g5 Ne8 14. f4 Bc4 15. Qd2 exf4 16. Bxf4 Qc7 17. 0-0-0 b4 18. Nd5 Bxd5 19. exd5 a5 20. Bd3 a4 21. Nd4 Nc5 22. Qxb4 Rb8 23. Qa3 Nxd3+ 24. Qxd3 Qb7 25. Qa3 Rc8 26. Qd3 Qxd5 27. Nf5 Qb7 28. Rhe1 Rc7 29. Qd4 f6 30. Nxe7+ Rxe7 31. gxf6 Rxe1 32. Rxe1 Nxf6 33. Bxd6 Rd8 34. Qc4+ Nd5 35. Qxa4 Kf7 36. Qe4 Rxd6 37. Qe8+ Kf6 38. Rf1+ Kg5 39. Qe5+ Kh4 40. Qe4+ Kh5 41. Rg1 g6 42. Qe5+ Kh6 43. Qxd6 Qa7 44. Qf8+ Kh5 45. Qf3+ Kh6 46. Rd1 Qxa2 47. Qxd5 Qa1+ 48. Kd2 Qxb2 49. Qd3 Qb4+ 50. Ke2 Qe7+ 51. Qe3+ 1-0

[Event "Amager-ch"]
[White "Larsen, Ulrik Jejlskov"]
[Black "Tronning, Mark Philip"]
[Site "Amager"]
[Round "2"]
[Result "1-0"]
[Date "2010.08.31"]
[WhiteElo "1526"]
[BlackElo "1384"]
[PlyCount "83"]
[EventDate "2010.08.24"]
[EventType "swiss"]
[EventRounds "7"]
[EventCountry "DEN"]
[SourceTitle "EXT 2023"]
[Source "ChessBase"]
[SourceDate "2022.10.05"]
[SourceVersion "1"]
[SourceVersionDate "2022.10.05"]
[SourceQuality "1"]

1. d4 Nf6 2. Nf3 g6 3. Bf4 Bg7 4. e3 0-0 5. Bd3 d6 6. h3 Nbd7 7. c4 Re8 8. Bh2 e5 9. dxe5 dxe5 10. Bc2 c5 11. Nc3 b6 12. Nxe5 Bb7 13. Nxd7 Nxd7 14. 0-0 Qg5 15. Bg3 Rad8 16. Qg4 Qxg4 17. hxg4 Ne5 18. Bxe5 Bxe5 19. Rad1 Ba6 20. Nb5 Bxb5 21. cxb5 Bxb2 22. Rxd8 Rxd8 23. Rd1 Rxd1+ 24. Bxd1 c4 25. g5 Kf8 26. Be2 Ke7 27. Bxc4 Ba3 28. Kf1 Bd6 29. Ke2 Kf8 30. Kf3 Kg7 31. Ke4 f6 32. Kd5 Bc5 33. gxf6+ Kxf6 34. Kc6 g5 35. Kb7 Ke5 36. Kxa7 h5 37. a4 h4 38. Ka6 g4 39. a5 Bxe3 40. fxe3 h3 41. gxh3 gxh3 42. Bf1 1-0